000 01151cam a2200397M 4500
001 80820
005 20230410115416.0
008 091206s2004 mau 000 u eng d
035 _a(OCoLC)ocn474218416
040 _aDKDLA
_bdan
_cDKDLA
020 _a0674015584 (alk. paper)
020 _a9780674015586 (alk. paper)
029 0 _aDKDLA
_b30432486
029 1 _aDKDLA
_b30412191
029 1 _aDKDLA
_b31001443
035 _a(OCoLC)474218416
050 1 4 _aHD 4904
_bM953j 2004
084 0 0 _a306.36
100 1 _aMuirhead, Russell.
245 0 0 _aJust work /
_cRussell Muirhead.
260 _aCambridge, MA :
_bHarvard University Press,
_c2004.
300 _a209 p.
504 _aIncludes bibliographical references and index.
650 0 _aWork
_xPhilosophy.
650 0 _aWork
_xPsychological aspects.
650 0 _aWork
_xSocial aspects.
650 0 _aWork ethic.
650 4 _aTrabajo
_xFilosofía.
650 4 _aTrabajo
_xAspectos Psicológicos.
650 4 _aTrabajo
_xAspectos Sociales.
650 4 _aEtica de trabajo.
700 1 _aMuirhead, Russell,
_d1965-.
942 _2lcc
_cbk
994 _aC0
_bDRFGD
946 _anc
999 _c40568
_d40568